000 00668cam a2200205 4500
001 WB3703-12
008 000000n2001 000 0 eng u
035 _a(Sirsi) u110378
245 _aSurvey key to house prices
260 _c2001
490 _aHerald
_v 10 January 2001, 4(2)
520 _aAccording to Nationwide, it has drawn up an objective set of factors that determine the price of a property. Outlines each key factor that adds value to a property.
590 _aWB
650 _aHOUSE PRICES
650 _aNATIONWIDE
650 _aLOCATION
650 _aVALUE
690 _aPROPERTY-RESIDENTIAL PROPERTY-RESIDENTIAL PROPERTY MARKET
942 _n0
999 _c65803
_d65803